Największe wyspy na Morzu Śródziemnym - Statystyki

Ogólne statystyki
  • Ten quiz został rozwiązany 64 razy
  • Średni wynik to 6 z 6
Statystyki odpowiedzi
Powierzchnia Wyspa % Poprawnych
9 251 km² Cypr
98%
25 710 km² Sycylia
98%
24 090 km² Sardynia
95%
8 680 km² Korsyka
92%
8 336 km² Kreta
92%
3 600 km² Majorka
74%
Nie znaleziono quizów pasujących do podanych kryteriów
Rozkład punktacji
Procent ludzi z każdym wynikiem
Percentyl według liczby udzielonych odpowiedzi
Twoja historia wyników
Nie rozwiązałeś tego quizu